[Event "BRA-ch U18"]
[Site "Itajai"]
[Date "2016.06.11"]
[Round "5"]
[White "Lemos, Dawton Almino"]
[Black "Ikeda, Vinicius Yasuto"]
[Result "1/2-1/2"]
[WhiteElo "2220"]
[BlackElo "2024"]
[PlyCount "121"]
[EventDate "2016.06.09"]
[EventType "swiss"]
[EventRounds "6"]
[EventCountry "BRA"]
[SourceTitle "CBM 172 Extra"]
[Source "ChessBase"]
[SourceDate "2016.06.21"]
[SourceVersion "1"]
[SourceVersionDate "2016.06.21"]
[SourceQuality "1"]

1. e4 e5 2. Nf3 Nc6 3. d4 exd4 4. Bc4 Nf6 5. e5 d5 6. Bb5 Ne4 7. Nxd4 Bc5 8. 0-0 0-0 9. Bxc6 bxc6 10. f3 Ng5 11. Be3 Re8 12. f4 Ne4 13. Nd2 Nxd2 14. Qxd2 Bb7 15. b4 Bb6 16. Nb3 f6 17. Nc5 Bxc5 18. Bxc5 fxe5 19. fxe5 Rxe5 20. Rf8+ Qxf8 21. Bxf8 Rxf8 22. Rf1 Rxf1+ 23. Kxf1 Ba6+ 24. Kg1 Bc4 25. h4 Bxa2 26. Qc3 Re6 27. Qa3 Bc4 28. Qxa7 h5 29. Qxc7 Kh7 30. Qf7 Rg6 31. Qf5 Kh6 32. Kh2 Bb5 33. Qe5 Bc4 34. c3 Bb5 35. g3 Bc4 36. Kg1 Bb5 37. Kf2 Bc4 38. Ke3 Rg4 39. Qd6+ Rg6 40. Qf4+ Kh7 41. Qf5 Kh6 42. Kd4 Be2 43. Qe5 Bg4 44. Kc5 Rf6 45. Kb6 Kh7 46. Kc5 Kh6 47. Qe3+ Kh7 48. Qe8 Bf3 49. Qd8 Bg4 50. Qe7 Kh8 51. Qe8+ Kh7 52. Qe7 Kh6 53. Qxf6+ gxf6 54. Kxc6 Bf3 55. Kd6 Kg6 56. b5 Kf5 57. b6 d4 58. cxd4 Ba8 59. Ke7 Bb7 60. Kf7 Bd5+ 61. Ke7 1/2-1/2

[Event "BRA-ch U18"]
[Site "Itajai"]
[Date "2016.06.10"]
[Round "3"]
[White "Ikeda, Vinicius Yasuto"]
[Black "Prado, Lucas Muller"]
[Result "1-0"]
[WhiteElo "2024"]
[BlackElo "1796"]
[PlyCount "57"]
[EventDate "2016.06.09"]
[EventType "swiss"]
[EventRounds "6"]
[EventCountry "BRA"]
[SourceTitle "CBM 172 Extra"]
[Source "ChessBase"]
[SourceDate "2016.06.21"]
[SourceVersion "1"]
[SourceVersionDate "2016.06.21"]
[SourceQuality "1"]

1. d4 Nf6 2. c4 g6 3. Nc3 d5 4. cxd5 Nxd5 5. e4 Nxc3 6. bxc3 Bg7 7. Bc4 c5 8. Ne2 0-0 9. 0-0 Nc6 10. Be3 Na5 11. Bd3 c4 12. Bc2 e5 13. d5 Qd6 14. Qd2 f5 15. f4 fxe4 16. Bxe4 Bf5 17. Ng3 Rae8 18. Rae1 exf4 19. Bxf4 Be5 20. Bh6 Bxg3 21. hxg3 Rf7 22. Bxf5 Rxe1 23. Rxe1 Rxf5 24. Re8+ Kf7 25. Qe3 g5 26. Rf8+ Kg6 27. Qe8+ Kxh6 28. Rxf5 Qxg3 29. Rf6+ 1-0

[Event "BRA-ch Amateur U2200"]
[Site "Sao Paulo"]
[Date "2016.05.28"]
[Round "5"]
[White "Almeida, Gianluca Jorio"]
[Black "Ikeda, Vinicius Yasuto"]
[Result "1/2-1/2"]
[WhiteElo "1971"]
[BlackElo "2070"]
[PlyCount "106"]
[EventDate "2016.05.26"]
[EventType "swiss"]
[EventRounds "7"]
[EventCountry "BRA"]
[SourceTitle "EXT 2018"]
[Source "ChessBase"]
[SourceDate "2017.10.13"]
[SourceVersion "1"]
[SourceVersionDate "2017.10.13"]
[SourceQuality "1"]

1. c4 e5 2. Nc3 Nc6 3. Nf3 d6 4. d4 exd4 5. Nxd4 Nge7 6. Nxc6 Nxc6 7. e4 g6 8. Be2 Bg7 9. Be3 Be6 10. Rc1 Ne7 11. 0-0 0-0 12. Qd2 Qd7 13. Rfd1 Rfd8 14. Bg5 c6 15. b3 Qe8 16. Qf4 d5 17. Qh4 Bxc3 18. Bxe7 Rd7 19. Rxc3 Rxe7 20. exd5 Bxd5 21. Bf1 Be6 22. Rcd3 Rd7 23. Rxd7 Bxd7 24. Qd4 Be6 25. h3 Qf8 26. c5 Qg7 27. Qb4 Rb8 28. Qa5 a6 29. Qc7 Qf8 30. Rd6 Qc8 31. Qxc8+ Rxc8 32. Bd3 Kf8 33. Be4 Ke7 34. Kf1 Rd8 35. Rxd8 Kxd8 36. Ke2 Kc7 37. Kd3 b5 38. Kc3 a5 39. a3 Kd7 40. b4 a4 41. Kd4 f6 42. f4 Kc7 43. g4 Bf7 44. h4 Kd7 45. g5 f5 46. Bf3 Be8 47. Ke5 Ke7 48. Bg2 Bd7 49. Bh1 Be8 50. Bf3 Bd7 51. h5 Be8 52. h6 Bd7 53. Be2 Be6 1/2-1/2

[Event "BRA-ch Amateur U2200"]
[Site "Sao Paulo"]
[Date "2016.05.27"]
[Round "4"]
[White "Ikeda, Vinicius Yasuto"]
[Black "Leitao, Nicolau Daulibe"]
[Result "0-1"]
[WhiteElo "2070"]
[BlackElo "2164"]
[PlyCount "64"]
[EventDate "2016.05.26"]
[EventType "swiss"]
[EventRounds "7"]
[EventCountry "BRA"]
[SourceTitle "EXT 2018"]
[Source "ChessBase"]
[SourceDate "2017.10.13"]
[SourceVersion "1"]
[SourceVersionDate "2017.10.13"]
[SourceQuality "1"]

1. d4 Nf6 2. c4 e6 3. g3 b6 4. Bg2 c6 5. Nf3 Ba6 6. b3 Bb4+ 7. Bd2 Be7 8. 0-0 0-0 9. Bc3 d5 10. Nbd2 Nbd7 11. Re1 Rc8 12. e4 dxe4 13. Ne5 c5 14. Nxe4 cxd4 15. Qxd4 Nxe4 16. Qxe4 Nf6 17. Qf3 Rc7 18. Nc6 Qe8 19. Be5 Rd7 20. Nb8 Bb7 21. Qc3 Bxg2 22. Nxd7 Nxd7 23. Bxg7 Qa8 24. Re3 Bh3 25. f3 Bc5 26. Bd4 Bf5 27. Rd1 Bg6 28. Kg2 Qc6 29. b4 Qa4 30. Bxc5 bxc5 31. Qd2 Nb6 32. bxc5 Nxc4 0-1

[Event "BRA-ch Amateur U2200"]
[Site "Sao Paulo"]
[Date "2016.05.26"]
[Round "2"]
[White "Ikeda, Vinicius Yasuto"]
[Black "Brandao, Renan Alves"]
[Result "1-0"]
[WhiteElo "2070"]
[BlackElo "2116"]
[PlyCount "79"]
[EventDate "2016.05.26"]
[EventType "swiss"]
[EventRounds "7"]
[EventCountry "BRA"]
[SourceTitle "EXT 2018"]
[Source "ChessBase"]
[SourceDate "2017.10.13"]
[SourceVersion "1"]
[SourceVersionDate "2017.10.13"]
[SourceQuality "1"]

1. d4 Nf6 2. c4 g6 3. Nc3 Bg7 4. e4 d6 5. Nf3 0-0 6. Be2 Na6 7. 0-0 e5 8. Bg5 h6 9. Bd2 Qe8 10. dxe5 dxe5 11. a3 Nc5 12. Qc2 c6 13. b4 Ne6 14. Bd3 Nh5 15. g3 Nf6 16. c5 Nh7 17. Qc1 Qd8 18. Bc4 Qf6 19. Kg2 Nd4 20. Nxd4 exd4 21. Ne2 d3 22. Bc3 Qd8 23. Nf4 d2 24. Qb2 Bxc3 25. Qxc3 Qe8 26. f3 Ng5 27. Nxg6 Bh3+ 28. Kf2 Kh7 29. Nxf8+ Qxf8 30. Rfd1 f5 31. exf5 Rd8 32. Rxd2 Bxf5 33. Rxd8 Qxd8 34. h4 Ne6 35. Bxe6 Bxe6 36. Qc2+ Kg7 37. Rd1 Bd5 38. Qf5 b6 39. Re1 bxc5 40. bxc5 1-0

[Event "Sao Paulo op-A U2300 4th"]
[Site "Sao Paulo"]
[Date "2016.03.27"]
[Round "6"]
[White "Menna Barreto, Felipe Kubiaki"]
[Black "Ikeda, Vinicius Yasuto"]
[Result "1-0"]
[WhiteElo "2282"]
[BlackElo "2002"]
[PlyCount "49"]
[EventDate "2016.03.24"]
[EventType "swiss"]
[EventRounds "7"]
[EventCountry "BRA"]
[SourceTitle "CBM 171 Extra"]
[Source "ChessBase"]
[SourceDate "2016.04.26"]
[SourceVersion "1"]
[SourceVersionDate "2016.04.26"]
[SourceQuality "1"]

1. Nf3 d5 2. c4 d4 3. e3 c5 4. exd4 cxd4 5. d3 Nc6 6. g3 e5 7. Bg2 Bd6 8. 0-0 Nf6 9. Re1 0-0 10. a3 a5 11. Nbd2 Re8 12. Ng5 Bg4 13. Bf3 Bf5 14. Nde4 Nxe4 15. Nxe4 Bf8 16. h4 Rc8 17. Bd2 Qc7 18. h5 Kh8 19. g4 Bxe4 20. Bxe4 b6 21. Kg2 g6 22. Rh1 Ne7 23. hxg6 fxg6 24. Qf3 Qd7 25. Rxh7+ 1-0

[Event "Sao Paulo op-A U2300 4th"]
[Site "Sao Paulo"]
[Date "2016.03.26"]
[Round "4"]
[White "Awoki, Daniel Teidi"]
[Black "Ikeda, Vinicius Yasuto"]
[Result "0-1"]
[WhiteElo "2111"]
[BlackElo "2002"]
[PlyCount "98"]
[EventDate "2016.03.24"]
[EventType "swiss"]
[EventRounds "7"]
[EventCountry "BRA"]
[SourceTitle "CBM 171 Extra"]
[Source "ChessBase"]
[SourceDate "2016.04.26"]
[SourceVersion "1"]
[SourceVersionDate "2016.04.26"]
[SourceQuality "1"]

1. e4 e5 2. Nf3 Nc6 3. d4 exd4 4. Nxd4 Nf6 5. Nxc6 bxc6 6. e5 Qe7 7. Qe2 Nd5 8. c4 Ba6 9. b3 0-0-0 10. g3 Re8 11. Bb2 f6 12. Bg2 fxe5 13. 0-0 Nf6 14. Re1 Qf7 15. a3 h5 16. Nd2 h4 17. Qf3 hxg3 18. hxg3 Qh5 19. Qxh5 Rxh5 20. Ne4 Bb7 21. Rad1 d6 22. f4 c5 23. fxe5 Nxe4 24. Bxe4 Bxe4 25. Rxe4 dxe5 26. Kg2 Bd6 27. g4 Rh6 28. Rde1 Rhe6 29. Rf1 Rf6 30. Rfe1 Kd7 31. Kg3 Rfe6 32. Rh1 Rb8 33. b4 cxb4 34. a4 Rf8 35. Rh7 Rf7 36. g5 Ree7 37. Rh1 c5 38. Rhe1 Rf4 39. Bc1 Rxe4 40. Rxe4 g6 41. Rh4 e4+ 42. Kf2 a5 43. Rh6 Re6 44. Rh7+ Be7 45. Rh8 Bd8 46. Rh7+ Kc6 47. Rh8 Rd6 48. Re8 Rd1 49. Be3 b3 0-1

[Event "Sao Paulo op-A U2300 4th"]
[Site "Sao Paulo"]
[Date "2016.03.25"]
[Round "3"]
[White "Ikeda, Vinicius Yasuto"]
[Black "De Oliveira, Jonathan"]
[Result "1/2-1/2"]
[WhiteElo "2002"]
[BlackElo "2156"]
[PlyCount "70"]
[EventDate "2016.03.24"]
[EventType "swiss"]
[EventRounds "7"]
[EventCountry "BRA"]
[SourceTitle "CBM 171 Extra"]
[Source "ChessBase"]
[SourceDate "2016.04.26"]
[SourceVersion "1"]
[SourceVersionDate "2016.04.26"]
[SourceQuality "1"]

1. d4 Nf6 2. c4 g6 3. Nc3 Bg7 4. e4 d6 5. Nf3 0-0 6. Be2 e5 7. 0-0 Nc6 8. d5 Ne7 9. a3 Nh5 10. Re1 a5 11. Bd2 f5 12. exf5 Bxf5 13. Ng5 Nf6 14. Bf3 Qc8 15. Rc1 h6 16. Nge4 b6 17. b4 axb4 18. axb4 Bxe4 19. Nxe4 Nf5 20. c5 bxc5 21. bxc5 Qd7 22. cxd6 cxd6 23. Nxf6+ Rxf6 24. Rc4 Rc8 25. Rc6 Rcf8 26. Be3 Kh7 27. Bb6 R8f7 28. Be4 Qb7 29. Bd8 Ne7 30. Bxe7 Qxe7 31. f3 Qa7+ 32. Kh1 Rb7 33. Qc2 Bf8 34. Rc1 h5 35. Rc7+ Rxc7 1/2-1/2

[Event "Florianopolis op 2nd"]
[Site "Florianopolis"]
[Date "2016.01.22"]
[Round "10"]
[White "Ikeda, Vinicius Yasuto"]
[Black "Zampronha, Wladimir Camilo"]
[Result "1-0"]
[WhiteElo "1969"]
[BlackElo "2199"]
[PlyCount "127"]
[EventDate "2016.01.16"]
[EventType "swiss"]
[EventRounds "10"]
[EventCountry "BRA"]
[SourceTitle "CBM 170 Extra"]
[Source "ChessBase"]
[SourceDate "2016.02.25"]
[SourceVersion "1"]
[SourceVersionDate "2016.02.25"]
[SourceQuality "1"]

1. d4 Nf6 2. c4 c5 3. d5 b5 4. Bf4 bxc4 5. Nc3 d6 6. e4 Nbd7 7. Bxc4 g6 8. Nf3 Bg7 9. 0-0 0-0 10. Re1 Ng4 11. Qd2 Rb8 12. Rab1 Qa5 13. Bb3 Ba6 14. Rec1 Rb7 15. Bd1 Rfb8 16. h3 Nge5 17. Nxe5 Nxe5 18. Be2 Rb4 19. a3 Rb3 20. Qc2 Nc4 21. Nb5 Qxb5 22. Bxc4 Qxc4 23. Qxc4 Bxc4 24. Rxc4 Bxb2 25. Ra4 R8b7 26. g3 f6 27. h4 Kf7 28. Kf1 Bxa3 29. Rxb3 Rxb3 30. Rxa7 c4 31. Be3 c3 32. Rc7 Bb2 33. Ke2 Rb4 34. Kd3 h5 35. Rc8 Rb5 36. Bh6 e5 37. Rc7+ Ke8 38. Rc6 Rb4 39. Rxd6 Rd4+ 40. Kc2 Ke7 41. Re6+ Kf7 42. f3 Ba3 43. Kxc3 Bb4+ 44. Kc2 Be1 45. Ra6 Bxg3 46. Ra7+ Ke8 47. Ra8+ Kd7 48. Ra7+ Ke8 49. Ra8+ Kd7 50. Ra7+ Kc8 51. Ra8+ Kb7 52. Rg8 f5 53. Rxg6 fxe4 54. Rxg3 exf3 55. Rxf3 Rxh4 56. Rf5 Kc7 57. Rxe5 Kd6 58. Rg5 Rh2+ 59. Kd3 h4 60. Rh5 Rh1 61. Bf4+ Kc5 62. d6+ Kc6 63. Ke3 h3 64. Kf2 1-0